000
00265nam a2200109Ia 4500
008
200302s9999 xx 000 0 und d
100
_a
Ernst Levy & Other
245
_a
The Gothic Cathedral
260
_b
Bollingen foundation Inc.
260
_c
1956
300
_a
307 P.,
999
_c
2227
_d
2227